=LDR 00000nam 2200000 4500 =001 NUTBA000000000000452 =005 20140324105923.0 =006 =007 =008 =020 ##$$a 978-979-26-2344-4 =035 ##$$a 0010-031400000000451 =082 ##$$a 2 x 4. 14 =100 ##$$a ust.yusuf mansyur =245 ##$$a the miracle of giving =250 ##$$a CET, 1 =260 ##$$a jakarta $b zikrul haklim $c 2008 =300 ##$$a 208 hlm $c 15 x 23cm =850 ##$$a NBPNMAT =990 ##$$a 91296/BPAP-NTB/2014